000 nam a22 7a 4500
999 _c9415
_d9415
008 180517b ||||| |||| 00| 0 eng d
020 _a1888996099
082 _21999
_aDC 808.81
_bEd2
100 _927952
_aEdelman, Bart,author.
245 _aThe Dancer/
_cBart Edelman.
260 _aPalmdale, Calif. :
_bRed Hen Press,
_c©1999.
300 _apage 17
_c22 cm.
500 _aThe Alphabet of Love
650 0 _927953
_aLove -- Poems
942 _2ddc
_cDC